00592nam a2200181Ia 4500003000900000008004100009020001800050040001600068080001700084100002300101245012600124250001200250260003500262300001400297650004100311650004100352700001700393IN-BaIIA211028s9999 xx 000 0 eng d a0-87692-078-4 cIIA Library a519.687bMUR aMurdick, Robert G. 0aInformation systems for modern managementcRobert G. Murdick and Joel E. Ross  a2nd ed. aNew DelhibPrentice-Hallc1983 axv, 671p. aAstronomy and astrophysics thesaurus aManagement Information Systems (MIS) aRoss, Joel E